000 00577 a2200193 4500
999 _c5311
_d5311
020 _a9780778301837
050 0 0 _aPS3562 CIV 2006
100 1 _aCivil-Brown, Sue.
_eauthor
245 1 0 _aHurricane Hannah /
_cSue Civil-Brown & Cristian Brown
264 _aSurrey :
_bMira Books,
_c2006.
300 _a377 p. ;
500 _aFiction
650 0 _aAir pilots
650 0 _aHurricanes
700 _aBrown Cristian
_eauthor
710 2 _aCopyright Paperback Collection (Library of Congress)
_5DLC
942 _2lcc
_cBK
_h3562
_iCIV
_k2006